MCU - First Character Appearances - Statistics

General Stats
  • This quiz has been taken 57 times
    52 since last reset
  • The average score is 80 of 100
Answer Stats
Character Movie % Correct
Ultron Avengers Age of Ultron
94%
Morgan Stark Avengers Endgame
94%
Captain America/Steve Rogers Captain America The First Avenger
94%
Winter Soldier/James Buchanan "Bucky" Barnes Captain America The First Avenger
94%
Peggy Carter Captain America The First Avenger
94%
Doctor Strange Doctor Strange
94%
Wong Doctor Strange
94%
Nebula Guardians of the Galaxy
94%
Groot Guardians of the Galaxy
94%
Star Lord Guardians of the Galaxy
94%
Gamora Guardians of the Galaxy
94%
Iron Man/Tony Stark Iron Man
94%
Happy Hogan Iron Man
94%
Nick Fury Iron Man
94%
Black Widow/Natasha Romanoff Iron Man 2
94%
Loki Thor
94%
Thor Thor
94%
Heimdall Thor
94%
Hela Thor Ragnarok
94%
Ant Man/Scott Lang Ant Man
91%
Wasp/Hope van Dyne Ant Man
91%
Hank Pym Ant Man
91%
Vision Avengers Age of Ultron
91%
Erik Killmonger Black Panther
91%
Black Panther/T'Challa Captain America Civil War
91%
Captain Marvel/Carol Danvers Captain Marvel
91%
Ancient One Doctor Strange
91%
Yondu Guardians of the Galaxy
91%
Rocket Guardians of the Galaxy
91%
Drax Guardians of the Galaxy
91%
Rescue/Pepper Potts Iron Man
91%
War Machine/James "Rhodey" Rhodes Iron Man
91%
Hulk/Bruce Banner The Incredible Hulk
91%
Odin Thor
91%
Okoye Black Panther
89%
Red Skull Captain America The First Avenger
89%
Stan Lee Iron Man
89%
Iron Monger/Obadiah Stane Iron Man
89%
Hawkeye/Clint Barton Thor
89%
Frigga Thor
89%
Janet van Dyne Ant Man
86%
Maria Hill Avengers
86%
M'Baku Black Panther
86%
Falcon/Sam Wilson Captain America The Winter Soldier
86%
Dormamu Doctor Strange
86%
Mysterio Spiderman Far From Home
86%
MJ Spiderman Homecoming
86%
Ned Leeds Spiderman Homecoming
86%
Lady Sif Thor
86%
Jane Foster Thor
86%
Korg Thor Ragnarok
86%
Valkyrie Thor Ragnarok
86%
Grandmaster Thor Ragnarok
86%
Ronan Guardians of the Galaxy
83%
Vulture Spiderman Homecoming
83%
Volstagg Thor
83%
Darcy Lewis Thor
83%
Luis Ant Man
80%
Thanos Avengers
80%
Zemo Captain America Civil War
80%
Alexander Pierce Captain America The Winter Soldier
80%
Ego Guardians of the Galaxy vol. 2
80%
Baby Groot/Teenage Groot Guardians of the Galaxy vol. 2
80%
Erik Selvig Thor
80%
Miek Thor Ragnarok
80%
Laura Barton Avengers Age of Ultron
77%
Shuri Black Panther
77%
Quicksilver/Pietro Maximoff Captain America The Winter Soldier
77%
Scarlet Witch/Wanda Maximoff Captain America The Winter Soldier
77%
Eugene "Flash" Thompson Spiderman Homecoming
77%
Fandral Thor
77%
Black Order Avengers Infinity War
74%
Crossbones/Brock Rumlow Captain America The Winter Soldier
74%
Surtur Thor Ragnarok
74%
Kraglin Guardians of the Galaxy
71%
Ho Yinsen Iron Man
71%
Hogun Thor
71%
Everett Ross Captain America Civil War
69%
Harley Keener Iron Man 3
69%
Nakia Black Panther
66%
W'kabi Black Panther
66%
Maria Rambeau Captain Marvel
66%
J Jonah Jameson Spiderman Far From Home
66%
Ulysses Klaue Avengers Age of Ultron
63%
Kaecilius Doctor Strange
63%
Mantis Guardians of the Galaxy vol. 2
63%
Whiplash Iron Man 2
63%
Eitri Avengers Infinity War
60%
Thaddeus "Thunderbolt" Ross The Incredible Hulk
60%
Tazer Face Guardians of the Galaxy vol. 2
57%
Spiderman/Peter Parker Iron Man 2
57%
Aldrich Killian Iron Man 3
57%
Joe Russo Captain America The Winter Soldier
49%
Maya Hansen Iron Man 3
49%
Trevor Slattery Iron Man 3
49%
The Collector Thor The Dark World
49%
The Other Avengers
46%
Ian Boothby Thor The Dark World
40%
Eric Savin Iron Man 3
29%
Jim Starlin Avengers Endgame
20%
No matching quizzes found
Score Distribution
Percent of People with Each Score
Percentile by Number Answered
Your Score History
You have not taken this quiz since the last reset